000 00546cam a2200181 4500500
005 20260405002648.0
041 _afre
042 _adc
100 1 0 _aLacroix, Alexandre
_eauthor
245 0 0 _aQuand le carnivore se regarde en face
260 _c2018.
500 _a47
690 _aAcrasie
690 _aVégétarisme
690 _aViande
786 0 _nPhilosophie magazine | 117 | 3 | 2018-03-01 | p. 22-23 | 1951-1787
856 4 1 _uhttps://shs.cairn.info/magazine-philosophie-magazine-2018-3-page-22?lang=fr&redirect-ssocas=7080
999 _c2059824
_d2059824